[Event "XI Weekend A"]
[Site "Ivrea ITA"]
[Date "2005.05.28"]
[Round "3"]
[White "Rodriguez Alvarez, Alan"]
[Black "Ranieri, Fabrizio"]
[Result "0-1"]
[WhiteElo "2103"]
[BlackElo "2198"]
[PlyCount "68"]
[EventDate "2005.05.27"]

1. e4 e6 2. d4 d5 3. Nd2 Nf6 4. e5 Nfd7 5. f4 c5 6. c3 Nc6 7. Ndf3 cxd4 8. cxd4
Qb6 9. Ne2 Bb4+ 10. Bd2 Be7 11. Bc3 O-O 12. f5 Qd8 13. g4 Nb6 14. Ng3 f6 15.
exf6 Bxf6 16. Be2 Nc4 17. Bxc4 dxc4 18. Qe2 b5 19. O-O Nxd4 20. Qe4 Nxf3+ 21.
Qxf3 Qb6+ 22. Rf2 Bb7 23. Qf4 exf5 24. Bxf6 Rxf6 25. gxf5 Qc6 26. h4 Raf8 27.
Kh2 Kh8 28. Rg1 Qd6 29. Qg5 g6 30. Kh3 Bc8 31. Rd2 Qc5 32. Rf1 Bxf5+ 33. Kh2
R6f7 34. Rd8 Qe5 0-1

[Event "XI Weekend A"]
[Site "Ivrea ITA"]
[Date "2005.05.28"]
[Round "3"]
[White "Sbarra, Marco"]
[Black "Castaldo, Folco"]
[Result "1/2-1/2"]
[WhiteElo "2260"]
[BlackElo "2361"]
[PlyCount "32"]
[EventDate "2005.05.27"]

1. Nf3 e6 2. g3 f5 3. Bg2 Nf6 4. O-O Be7 5. c4 O-O 6. Nc3 d6 7. d4 Ne4 8. Nxe4
fxe4 9. Ne1 d5 10. Be3 Nc6 11. Rc1 Bf6 12. f3 exf3 13. Nxf3 Ne7 14. Qd3 c6 15.
Bf4 Ng6 16. Bd2 dxc4 1/2-1/2

[Event "XI Weekend A"]
[Site "Ivrea ITA"]
[Date "2005.05.29"]
[Round "4"]
[White "Castaldo, Folco"]
[Black "Ranieri, Fabrizio"]
[Result "1/2-1/2"]
[WhiteElo "2361"]
[BlackElo "2198"]
[PlyCount "96"]
[EventDate "2005.05.27"]

1. Nf3 d5 2. d4 Nf6 3. c4 e6 4. g3 Be7 5. Bg2 O-O 6. O-O c6 7. Qc2 Nbd7 8. b3
b6 9. Rd1 Ba6 10. a4 Ne4 11. e3 Bb4 12. Ne1 f5 13. Nd3 Bd6 14. Nd2 Nxd2 15.
Bxd2 Nf6 16. Bb4 Ne4 17. f3 Nf6 18. c5 Bxd3 19. Rxd3 bxc5 20. Bxc5 Qe7 21. Rc1
Rfc8 22. Rc3 Rab8 23. Bf1 Bxc5 24. Rxc5 e5 25. dxe5 Qxe5 26. Qc3 Nd7 27. Ra5
Rc7 28. Kf2 Qxc3 29. Rxc3 c5 30. Bb5 Ne5 31. Be2 Nd7 32. h3 Rb4 33. Rb5 Rxb5
34. Bxb5 Ne5 35. Ke2 Kf8 36. f4 Ng6 37. Rd3 Ne7 38. g4 g6 39. Rd1 Kf7 40. gxf5
gxf5 41. Rg1 Nc8 42. Rg5 Nd6 43. Bd3 h6 44. Rg1 Rc8 45. h4 a5 46. h5 Rg8 47.
Rc1 Rc8 48. Rg1 Rg8 1/2-1/2

[Event "XI Weekend A"]
[Site "Ivrea ITA"]
[Date "2005.05.29"]
[Round "4"]
[White "Gussone, Claudio"]
[Black "Ameri, Vincent"]
[Result "1-0"]
[WhiteElo "1911"]
[BlackElo "1900"]
[PlyCount "79"]
[EventDate "2005.05.27"]

1. Nf3 d5 2. g3 Nc6 3. Bg2 Nf6 4. d4 Bg4 5. O-O e6 6. c4 Be7 7. Nc3 O-O 8. cxd5
exd5 9. Bf4 a6 10. Ne5 Nxe5 11. dxe5 Nh5 12. Nxd5 Nxf4 13. Nxe7+ Qxe7 14. gxf4
Qb4 15. f3 Rad8 16. Qe1 Qxf4 17. fxg4 Qxg4 18. Rd1 Rde8 19. Qc3 Re6 20. Rf3 h5
21. Kh1 Rh6 22. Rdf1 h4 23. Bh3 Qe4 24. Qxc7 g5 25. Bf5 Qxe2 26. Qe7 Qd2 27. e6
f6 28. Qxb7 Qe2 29. Qd7 h3 30. R3f2 Qh5 31. e7 Re8 32. Qd8 Rh8 33. Bd7 Kg7 34.
Bxe8 Rxe8 35. Rxf6 Qe2 36. Rf7+ Kh6 37. Qd5 Rc8 38. R1f6+ Kh5 39. Rh7+ Kg4 40.
Qf5# 1-0

[Event "XI Weekend A"]
[Site "Ivrea ITA"]
[Date "2005.05.29"]
[Round "4"]
[White "Laurenti, Stefano"]
[Black "Sbarra, Marco"]
[Result "0-1"]
[WhiteElo "1868"]
[BlackElo "2260"]
[PlyCount "76"]
[EventDate "2005.05.27"]

1. e4 c5 2. Nc3 Nc6 3. f4 e6 4. Bb5 Nd4 5. Nf3 a6 6. Be2 d5 7. O-O Nf6 8. d3
dxe4 9. Nxe4 Be7 10. Ne5 O-O 11. Bf3 Nd7 12. c3 Nxf3+ 13. Qxf3 f5 14. Ng3 Nxe5
15. fxe5 Qc7 16. d4 cxd4 17. cxd4 Bd7 18. Bd2 Bc6 19. Qc3 Qd7 20. Ne2 Rad8 21.
Rad1 Bb5 22. Kf2 Bxe2 23. Kxe2 Qxd4 24. Qxd4 Rxd4 25. Bc3 Rxd1 26. Rxd1 Rd8 27.
Rxd8+ Bxd8 28. Kd3 Kf7 29. Bb4 Be7 30. Bd2 Ke8 31. Ba5 Kd7 32. Kc4 Kc6 33. h3
b5+ 34. Kd3 Kd5 35. Bc7 Bg5 36. g3 Bc1 37. Kc2 Be3 38. Ba5 g6 0-1

[Event "XI Weekend A"]
[Site "Ivrea ITA"]
[Date "2005.05.29"]
[Round "4"]
[White "Perissinotto, Claudio"]
[Black "Aglietti, Graziano"]
[Result "1/2-1/2"]
[WhiteElo "2098"]
[BlackElo "2048"]
[PlyCount "65"]
[EventDate "2005.05.27"]

1. e4 e6 2. d4 d5 3. Nc3 Bb4 4. e5 c5 5. a3 Bxc3+ 6. bxc3 Qc7 7. Qg4 f5 8. exf6
Nxf6 9. Qg3 Qxg3 10. hxg3 O-O 11. c4 cxd4 12. Nf3 Nc6 13. Bb2 Kh8 14. Nxd4 e5
15. Nxc6 bxc6 16. cxd5 cxd5 17. Bxe5 Re8 18. f4 Ng4 19. Bb5 Re7 20. O-O Bf5 21.
Bd3 Bxd3 22. cxd3 Nxe5 23. fxe5 Rxe5 24. Rae1 Rg5 25. Rf3 h6 26. Re7 a5 27.
Rfe3 Kh7 28. R7e5 Rb8 29. Rxg5 hxg5 30. Re5 Rb3 31. Rxd5 Rxa3 32. Rxg5 Rxd3 33.
Rxa5 1/2-1/2

[Event "XI Weekend A"]
[Site "Ivrea ITA"]
[Date "2005.05.29"]
[Round "4"]
[White "Rodriguez Alvarez, Alan"]
[Black "Guglielmi, Nicolo'"]
[Result "1-0"]
[WhiteElo "2103"]
[BlackElo "1980"]
[PlyCount "63"]
[EventDate "2005.05.27"]

1. e4 c5 2. Nf3 e6 3. d4 cxd4 4. Nxd4 Nf6 5. Nc3 Nc6 6. Ndb5 d6 7. Bf4 e5 8.
Bg5 a6 9. Na3 Be6 10. Nc4 Rc8 11. Bxf6 gxf6 12. Ne3 Ne7 13. Bd3 Bh6 14. Qf3 Bg7
15. Ncd5 Bxd5 16. exd5 Qa5+ 17. c3 Qb6 18. O-O Rc7 19. Rfd1 Rc5 20. c4 a5 21.
b3 Qd8 22. Rac1 O-O 23. Qh5 Ng6 24. Nf5 Rc7 25. Be4 Kh8 26. Rc3 Rg8 27. Qxh7+
Kxh7 28. Rh3+ Nh4 29. Rxh4+ Kg6 30. Rd3 Bh6 31. Rg3+ Bg5 32. Rh6# 1-0

[Event "XI Weekend A"]
[Site "Ivrea ITA"]
[Date "2005.05.29"]
[Round "5"]
[White "Ameri, Vincent"]
[Black "Laurenti, Stefano"]
[Result "0-1"]
[WhiteElo "1900"]
[BlackElo "1868"]
[PlyCount "62"]
[EventDate "2005.05.27"]

1. d4 Nf6 2. Bg5 e6 3. g3 d5 4. Bg2 Be7 5. Nf3 Nbd7 6. O-O O-O 7. Nc3 b6 8. Re1
Bb7 9. Nh4 c5 10. e3 h6 11. Bxf6 Bxf6 12. Qh5 cxd4 13. Nb5 dxe3 14. Rxe3 d4 15.
Rd3 Bxg2 16. Nxg2 e5 17. Re1 Nc5 18. Rf3 a6 19. Na3 e4 20. Rf4 Bg5 21. Rg4 g6
22. Qh3 f5 23. Rf4 d3 24. cxd3 Nxd3 25. Re3 Rc8 26. Nh4 Rc1+ 27. Kg2 Nxf4+ 28.
gxf4 Qd1 29. Rxe4 Qh1+ 30. Kg3 Qxe4 31. Nxg6 Rg1+ 0-1

[Event "XI Weekend A"]
[Site "Ivrea ITA"]
[Date "2005.05.29"]
[Round "5"]
[White "Ranieri, Fabrizio"]
[Black "Aglietti, Graziano"]
[Result "1/2-1/2"]
[WhiteElo "2198"]
[BlackElo "2048"]
[PlyCount "148"]
[EventDate "2005.05.27"]

1. e4 Nf6 2. e5 Nd5 3. d4 d6 4. exd6 cxd6 5. Nf3 g6 6. Be2 Bg7 7. O-O O-O 8. c3
Nc6 9. Bg5 Qb6 10. Qc1 e5 11. dxe5 dxe5 12. Na3 e4 13. Nc4 Qc5 14. Ne1 b5 15.
Be3 Qe7 16. Na3 Nxe3 17. Qxe3 b4 18. Nb5 bxc3 19. Nxc3 Rb8 20. Rb1 Bd4 21. Qxe4
Bxc3 22. Qxc6 Qxe2 23. Qxc3 Bf5 24. Ra1 Rfc8 25. Qd4 Qxb2 26. Qxb2 Rxb2 27. f3
Rcb8 28. Rf2 Rb1 29. Rxb1 Rxb1 30. Re2 Ra1 31. Re8+ Kg7 32. g4 Be6 33. Kf2
Rxa2+ 34. Kg3 Ra3 35. Nc2 Rc3 36. Nd4 Bd5 37. Rd8 Rc5 38. Rd7 a5 39. Ra7 Rc4
40. Nb5 Rc5 41. Nc7 Bb3 42. Ne8+ Kf8 43. Nf6 Kg7 44. Ne8+ Kf8 45. Nf6 Kg7 46.
Ne4 Rd5 47. g5 Bc2 48. h4 Bxe4 49. fxe4 Rd4 50. Kf4 a4 51. Ra8 h6 52. Ra7 hxg5+
53. hxg5 Rb4 54. Ra8 Rc4 55. Ra7 Rb4 56. Ke5 Rb5+ 57. Kf4 Rb4 58. Ra5 Kf8 59.
Ra8+ Ke7 60. Ra7+ Ke6 61. Ra5 Ke7 62. Ke5 Kf8 63. Ra6 Rb5+ 64. Kf6 Rb8 65. Ke5
Rb4 66. Ra7 Rb5+ 67. Kf4 Rb4 68. Ra5 Kg7 69. Ra6 Rc4 70. Rd6 a3 71. Ra6 Rc3 72.
Ra8 Rb3 73. Ra4 Rc3 74. Ra5 Rb3 1/2-1/2

[Event "XI Weekend A"]
[Site "Ivrea ITA"]
[Date "2005.05.29"]
[Round "5"]
[White "Sbarra, Marco"]
[Black "Perissinotto, Claudio"]
[Result "1-0"]
[WhiteElo "2260"]
[BlackElo "2098"]
[PlyCount "39"]
[EventDate "2005.05.27"]

1. e4 d6 2. d4 Nf6 3. f3 g6 4. c4 Bg7 5. Nc3 O-O 6. Be3 e5 7. Nge2 Nc6 8. d5
Ne7 9. Qd2 Nd7 10. g4 f5 11. h3 a6 12. Nc1 Nf6 13. Nb3 Bd7 14. c5 fxe4 15. fxe4
b5 16. Bg2 b4 17. Ne2 a5 18. c6 Be8 19. a3 Bf7 20. O-O 1-0

[Event "X Weekend"]
[Site "Santa Margherita Ligure ITA"]
[Date "2005.01.16"]
[Round "2"]
[White "Di Paolo, Raffaele"]
[Black "Brun, Dario"]
[Result "1-0"]
[WhiteElo "2326"]
[BlackElo "1853"]
[PlyCount "91"]
[EventDate "2005.01.15"]

1. e4 e5 2. Nf3 Nc6 3. Bb5 a6 4. Ba4 Nf6 5. O-O Be7 6. Re1 b5 7. Bb3 d6 8. c3
O-O 9. d4 Bg4 10. Be3 exd4 11. cxd4 Na5 12. Bc2 Nc4 13. Bc1 c5 14. b3 Nb6 15.
Bb2 Qc7 16. Nbd2 Rac8 17. Rc1 Rfe8 18. h3 Bh5 19. Nf1 Bf8 20. Ng3 Bg6 21. d5
Nbd7 22. Nh2 Qb7 23. f4 h6 24. f5 Bh7 25. Nh5 Nxh5 26. Qxh5 f6 27. Nf3 Ne5 28.
Nxe5 dxe5 29. Kh1 Qf7 30. Qh4 Kh8 31. Bd1 Qe7 32. Be2 Rb8 33. Rc2 Rec8 34. Bc1
Bg8 35. Be3 Rc7 36. Rec1 Rbc8 37. Qe1 Qd6 38. Qa5 Bf7 39. a4 bxa4 40. bxa4 Be8
41. Qxa6 Qxa6 42. Bxa6 Bxa4 43. Rc4 Bb3 44. Rb4 Ra8 45. Rxb3 Rxa6 46. Rb8 1-0

[Event "III Open A"]
[Site "Viterbo ITA"]
[Date "2005.06.02"]
[Round "1"]
[White "Picone, Franco"]
[Black "Tomini, Marco"]
[Result "1-0"]
[WhiteElo "1781"]
[BlackElo "2093"]
[PlyCount "95"]
[EventDate "2005.06.02"]

1. d4 Nf6 2. Nf3 e6 3. e3 d5 4. Bd3 c5 5. c3 Nc6 6. Nbd2 Be7 7. O-O O-O 8. dxc5
Bxc5 9. e4 e5 10. exd5 Qxd5 11. Qe2 Bg4 12. Ne4 Nxe4 13. Qxe4 Qxe4 14. Bxe4
Rfe8 15. Re1 f6 16. Be3 Bxe3 17. Rxe3 Rad8 18. h3 Be6 19. Rd3 Rxd3 20. Bxd3 Rd8
21. Be4 Bd5 22. Bxd5+ Rxd5 23. Re1 Kf7 24. Re2 g6 25. Rd2 Rxd2 26. Nxd2 f5 27.
f3 Ke6 28. Kf2 Ne7 29. c4 Nc6 30. a3 a5 31. Ke3 Kd6 32. Kd3 g5 33. g4 Ke6 34.
Kc3 Nd4 35. Kd3 a4 36. gxf5+ Kxf5 37. Ke3 Nc2+ 38. Kf2 Kf4 39. Ne4 Ne3 40. c5
Nd1+ 41. Ke2 Nxb2 42. Nd6 Nc4 43. Nxc4 e4 44. fxe4 Kxe4 45. Nd6+ Kd5 46. Nxb7
Kc6 47. Nd8+ Kxc5 48. Kd3 1-0

[Event "I Festival A"]
[Site "Lodi ITA"]
[Date "2005.06.10"]
[Round "1"]
[White "Aldrovandi, Costantino"]
[Black "Vicari, Luigi"]
[Result "1-0"]
[WhiteElo "2246"]
[BlackElo "2072"]
[PlyCount "61"]
[EventDate "2005.06.10"]

1. Nf3 Nf6 2. g3 g6 3. Bg2 Bg7 4. O-O O-O 5. c4 c6 6. b3 d5 7. Bb2 Bf5 8. Na3
Be4 9. d3 Bxf3 10. Bxf3 e6 11. Nc2 Nbd7 12. Ne3 Qb6 13. a3 Ng4 14. Bxg4 Bxb2
15. Rb1 Bd4 16. Nc2 Bg7 17. Bh3 Rfd8 18. Ne1 Ne5 19. Qc1 dxc4 20. bxc4 Qc7 21.
Bg2 b6 22. Qc2 Rac8 23. Qa4 Rd6 24. Nf3 Nxf3+ 25. Bxf3 Rcd8 26. Qa6 c5 27. Rb3
Rb8 28. Rb5 Qc8 29. Qxa7 Bc3 30. Rfb1 Ba5 31. Qxa5 1-0

[Event "I Festival A"]
[Site "Lodi ITA"]
[Date "2005.06.10"]
[Round "1"]
[White "Astengo, Marcello"]
[Black "Cebalo, Miso"]
[Result "0-1"]
[WhiteElo "2120"]
[BlackElo "2507"]
[PlyCount "135"]
[EventDate "2005.06.10"]

1. d4 Nf6 2. c4 g6 3. Nc3 Bg7 4. e4 d6 5. f3 O-O 6. Be3 c5 7. dxc5 dxc5 8. Qxd8
Rxd8 9. Bxc5 Nc6 10. Nd5 e6 11. Nc3 b6 12. Be3 Bb7 13. Nh3 Rac8 14. Rc1 Nd7 15.
Bg5 f6 16. Be3 Nde5 17. b3 Nb4 18. Nf2 f5 19. exf5 gxf5 20. Be2 Ng6 21. Bg5 Rd7
22. a3 Nc6 23. Nb1 Nd4 24. Bd1 f4 25. Ng4 Kf7 26. O-O h5 27. Nf2 h4 28. Nc3 Bf8
29. Nce4 Bxa3 30. Ra1 Bxe4 31. fxe4 Bc5 32. Kh1 e5 33. Nd3 Ne6 34. Nxc5 Rxc5
35. Bg4 Rcc7 36. Bxe6+ Kxe6 37. Rad1 Rd4 38. Rxd4 exd4 39. g3 hxg3 40. hxg3 Ke5
41. gxf4+ Kxe4 42. f5 Rh7+ 43. Kg2 Rh5 44. Bd8 Rxf5 45. Ra1 Rf7 46. b4 Nf4+ 47.
Kh2 Rh7+ 48. Kg3 Ne2+ 49. Kg2 Rd7 50. Bf6 d3 51. c5 Nf4+ 52. Kf2 Nd5 53. c6 Rf7
54. Re1+ Kf4 55. Bd8 Kg4+ 56. Kg1 Rg7 57. Kf2 Rf7+ 58. Kg1 Rg7 59. Kf2 Kf4 60.
b5 Rh7 61. Ra1 Rh2+ 62. Kg1 Rc2 63. Ra4+ Kg3 64. Bh4+ Kf3 65. Bg5 Rg2+ 66. Kf1
Rxg5 67. Ke1 Ke3 68. Ra1 0-1

[Event "I Festival A"]
[Site "Lodi ITA"]
[Date "2005.06.10"]
[Round "1"]
[White "Bartolozzi, Roberto"]
[Black "Tiviakov, Sergei"]
[Result "0-1"]
[WhiteElo "2126"]
[BlackElo "2631"]
[PlyCount "128"]
[EventDate "2005.06.10"]

1. Nf3 Nf6 2. d4 e6 3. Bg5 c5 4. e3 d5 5. Nbd2 Nbd7 6. c3 Be7 7. Bd3 Qc7 8. O-O
O-O 9. Rc1 b6 10. Re1 Bb7 11. e4 dxe4 12. Nxe4 Rad8 13. Qe2 Rfe8 14. Nxf6+ Nxf6
15. Bxf6 Bxf6 16. dxc5 Qxc5 17. Be4 Bc8 18. Rcd1 g6 19. Rxd8 Rxd8 20. Rd1 Rxd1+
21. Qxd1 Qc4 22. Qb1 Ba6 23. Nd2 Qe2 24. Nf1 Bg5 25. Ng3 Qd2 26. Nf1 Qc1 27.
Qxc1 Bxc1 28. b3 f5 29. Bc2 Bb2 30. c4 Kf7 31. Ne3 Ke7 32. Kf1 Kd6 33. Ke2 Kc5
34. Nd1 Bd4 35. a3 Be5 36. g3 Kd4 37. Kd2 Bg7 38. Nc3 Bh6+ 39. f4 e5 40. Ne2+
Kc5 41. b4+ Kd6 42. Bb3 Bb7 43. Ke3 Bg7 44. fxe5+ Kxe5 45. Nc3 Bh6+ 46. Ke2 Bc1
47. a4 g5 48. Nd5 h5 49. Ba2 Bb2 50. Bb3 Bd4 51. Kf1 a5 52. b5 Bc5 53. Kg2 Kd4
54. Kf1 Kd3 55. Ke1 Bc8 56. Nf6 f4 57. gxf4 gxf4 58. Bd1 h4 59. Nd5 Kxc4 60.
Nxf4 Bd6 61. Be2+ Kc5 62. Nd3+ Kd4 63. Nf2 Bxh2 64. Kf1 Bg3 0-1

[Event "I Festival A"]
[Site "Lodi ITA"]
[Date "2005.06.10"]
[Round "1"]
[White "Bonade', Massimo"]
[Black "Rogulj, Branko"]
[Result "0-1"]
[WhiteElo "2101"]
[BlackElo "2382"]
[PlyCount "174"]
[EventDate "2005.06.10"]

1. d4 Nf6 2. c4 g6 3. Nc3 d5 4. cxd5 Nxd5 5. e4 Nxc3 6. bxc3 Bg7 7. Bc4 Qd7 8.
Nf3 Nc6 9. O-O Na5 10. Bd3 O-O 11. Be3 b6 12. Qd2 Rd8 13. Rad1 Bb7 14. Bh6 Bh8
15. Qf4 f6 16. h4 Bg7 17. Bxg7 Kxg7 18. e5 Rf8 19. h5 Bxf3 20. Qxf3 f5 21. d5
Qa4 22. Qe2 Qh4 23. f4 Rad8 24. c4 Nb7 25. Bc2 Nc5 26. Rd2 e6 27. hxg6 hxg6 28.
Qf2 Rh8 29. Qxh4 Rxh4 30. g3 Rh3 31. Kg2 Rdh8 32. Kf3 Rh2 33. Rfd1 Kf7 34. d6
cxd6 35. exd6 Rxd2 36. Rxd2 Rd8 37. g4 fxg4+ 38. Kxg4 Kf6 39. Kf3 g5 40. fxg5+
Kxg5 41. Be4 Kf6 42. Kf4 e5+ 43. Ke3 Ke6 44. Rh2 Kxd6 45. Rh6+ Kc7 46. Bd5 Rd7
47. Rc6+ Kd8 48. Rh6 Rg7 49. Kf3 Kd7 50. Bc6+ Ke7 51. Bd5 Kd7 52. Be6+ Kc7 53.
Bd5 Re7 54. Ke3 e4 55. Rh4 Kd6 56. Rh6+ Ke5 57. Rh5+ Kf6 58. Rh4 Kf5 59. Rf4+
Ke5 60. Rh4 Rg7 61. Rh5+ Kd6 62. Rh6+ Kc7 63. Rh2 Rg3+ 64. Kf4 Rd3 65. Rh7+ Kd6
66. Rh6+ Ke7 67. Rh7+ Kf6 68. Rf7+ Kg6 69. Rxa7 Rf3+ 70. Ke5 Re3 71. Kf4 Re1
72. Re7 Nd3+ 73. Kg3 Kf5 74. Rb7 Rg1+ 75. Kh2 Re1 76. Kg3 e3 77. Bf3 Ne5 78.
Bh5 Rg1+ 79. Kh2 Rg5 80. Be2 Rg6 81. Bd1 Kf4 82. Be2 Nf3+ 83. Bxf3 Kxf3 84.
Rf7+ Ke4 85. Rd7 e2 86. Re7+ Kd3 87. Re8 Rg4 0-1

[Event "I Festival A"]
[Site "Lodi ITA"]
[Date "2005.06.10"]
[Round "1"]
[White "Bonarrigo, Marco"]
[Black "Rombaldoni, Axel"]
[Result "0-1"]
[WhiteElo "2014"]
[BlackElo "2147"]
[PlyCount "34"]
[EventDate "2005.06.10"]

1. e4 c5 2. Nf3 Nc6 3. d4 cxd4 4. Nxd4 Nf6 5. Nc3 d6 6. Bg5 e6 7. Qd2 a6 8.
O-O-O Bd7 9. f4 Be7 10. Nf3 b5 11. e5 b4 12. exf6 bxc3 13. Qxc3 gxf6 14. Bh6 d5
15. a3 Na5 16. f5 Rc8 17. Qd2 Nb3+ 0-1

[Event "I Festival A"]
[Site "Lodi ITA"]
[Date "2005.06.10"]
[Round "1"]
[White "Bressanelli, Roberto"]
[Black "Sciortino, Massimo"]
[Result "1/2-1/2"]
[WhiteElo "2086"]
[BlackElo "2306"]
[PlyCount "150"]
[EventDate "2005.06.10"]

1. e4 d6 2. d4 Nf6 3. Nc3 g6 4. Nf3 Bg7 5. h3 O-O 6. Be3 a6 7. Bd3 b5 8. a3 Bb7
9. O-O Nbd7 10. Re1 c5 11. Qd2 c4 12. e5 Ne8 13. Be4 Bxe4 14. Nxe4 dxe5 15.
Rad1 exd4 16. Bxd4 Ndf6 17. Qf4 Nh5 18. Qe3 Qb8 19. Bc5 Qc7 20. b4 cxb3 21.
cxb3 Rc8 22. b4 Nf4 23. Bb6 Qb7 24. Nc5 Qxb6 25. Qxf4 Rxc5 26. bxc5 Qxc5 27.
Qb4 Qxb4 28. axb4 e6 29. Ne5 Nf6 30. Nd7 Nxd7 31. Rxd7 Ra8 32. Rc1 Bf8 33. Rcc7
a5 34. bxa5 Rxa5 35. Rb7 b4 36. Rd8 Kg7 37. Rdd7 Rf5 38. Kf1 h5 39. f3 g5 40.
Ke2 h4 41. Kd1 Kg6 42. Rd8 Bc5 43. Rb5 Be7 44. Rxf5 Kxf5 45. Rd7 Kf6 46. Ke2 e5
47. Kd3 Ke6 48. Rb7 f5 49. Rb6+ Bd6 50. Rb5 Kd7 51. Rb7+ Ke6 52. Rb5 Be7 53.
Rb6+ Kd5 54. Rb7 e4+ 55. Ke2 Bd6 56. Rd7 exf3+ 57. gxf3 Ke6 58. Rg7 Kf6 59. Rg8
Be7 60. Kd3 Kf7 61. Rb8 Ke6 62. Rb5 Bd6 63. Kc2 Kf6 64. Kd3 Bf8 65. Kc2 Be7 66.
Kd3 Ke6 67. Kc2 f4 68. Kd3 Kd7 69. Kc4 Kc6 70. Rf5 Kd7 71. Rb5 Ke6 72. Rd5 Bf6
73. Rb5 Be7 74. Rd5 Bf6 75. Rb5 Be7 1/2-1/2

[Event "I Festival A"]
[Site "Lodi ITA"]
[Date "2005.06.10"]
[Round "1"]
[White "Calzolari, Giampietro"]
[Black "Gasperi, Fosco"]
[Result "1-0"]
[WhiteElo "2036"]
[BlackElo "2168"]
[PlyCount "51"]
[EventDate "2005.06.10"]

1. Nf3 f5 2. g3 Nf6 3. d3 g6 4. Bg2 Bg7 5. O-O O-O 6. c4 d6 7. Nc3 c6 8. Bd2
Na6 9. Rb1 Qe8 10. b4 Nc7 11. b5 Bd7 12. a4 h6 13. Qb3 Qf7 14. Be3 Ne6 15. a5
Ng4 16. Bd2 g5 17. a6 bxa6 18. bxa6 Rab8 19. Qxb8 Rxb8 20. Rxb8+ Kh7 21. Rb7
Nc5 22. Rxa7 Bc8 23. Bxg5 Qh5 24. Bxe7 Nd7 25. Rc7 Nde5 26. Bh4 1-0

[Event "I Festival A"]
[Site "Lodi ITA"]
[Date "2005.06.10"]
[Round "1"]
[White "Cardini, Saverio"]
[Black "Zucconi, Leandro"]
[Result "1/2-1/2"]
[WhiteElo "2010"]
[BlackElo "2144"]
[PlyCount "35"]
[EventDate "2005.06.10"]

1. d4 e6 2. Nf3 d5 3. Bf4 Nf6 4. e3 Be7 5. h3 b6 6. c3 O-O 7. Ne5 Nfd7 8. Bd3
Nxe5 9. Bxe5 Ba6 10. Bxa6 Nxa6 11. Qd3 Nb8 12. Nd2 c5 13. O-O Nc6 14. Bg3 Bd6
15. Bxd6 Qxd6 16. Rad1 Rad8 17. dxc5 Qxc5 18. Nb3 1/2-1/2

[Event "I Festival A"]
[Site "Lodi ITA"]
[Date "2005.06.10"]
[Round "1"]
[White "Cecconi, Giovanni Alberto"]
[Black "Giannetta, Paolo"]
[Result "1-0"]
[WhiteElo "2183"]
[BlackElo "2045"]
[PlyCount "71"]
[EventDate "2005.06.10"]

1. g3 g6 2. Bg2 f5 3. d4 Bg7 4. c4 d6 5. Nf3 Nf6 6. Nc3 c6 7. O-O O-O 8. Qc2
Na6 9. a3 Rb8 10. Bg5 Qe8 11. Rae1 Qf7 12. e4 fxe4 13. Nxe4 Bf5 14. Bxf6 Bxf6
15. Nxf6+ exf6 16. Qc3 Nc7 17. h4 Rfe8 18. Rxe8+ Rxe8 19. Qb4 Bd3 20. Rc1 Ne6
21. Qc3 Be4 22. Re1 d5 23. Bf1 Nc7 24. b4 Qd7 25. Nd2 Bf5 26. Rxe8+ Nxe8 27.
cxd5 cxd5 28. Bg2 Kg7 29. Qc5 Nc7 30. Qxa7 Na6 31. Qb6 Qa4 32. Bxd5 Qxa3 33.
Nf1 Bd3 34. Qxb7+ Kh6 35. Bg2 f5 36. Qf3 1-0

[Event "I Festival A"]
[Site "Lodi ITA"]
[Date "2005.06.10"]
[Round "1"]
[White "Cedriano, Filippo"]
[Black "Andersen, Alf R."]
[Result "0-1"]
[WhiteElo "2043"]
[BlackElo "2182"]
[PlyCount "66"]
[EventDate "2005.06.10"]

1. Nf3 c5 2. c4 g6 3. g3 Bg7 4. Bg2 Nc6 5. Nc3 Nf6 6. O-O O-O 7. e4 d6 8. d3
Ne8 9. Ne1 Nc7 10. Be3 Ne6 11. Qd2 Ned4 12. Bh6 e5 13. Bxg7 Kxg7 14. Nd5 f6 15.
f4 Be6 16. Nf3 Nxf3+ 17. Rxf3 Nd4 18. Rf2 b5 19. fxe5 dxe5 20. cxb5 Bxd5 21.
exd5 Nxb5 22. Rc1 Qb6 23. b4 Rac8 24. bxc5 Rxc5 25. Rxc5 Qxc5 26. Qc2 Nc3 27.
Qb2 Nd1 28. Qc2 Qxf2+ 29. Qxf2 Nxf2 30. Kxf2 Kf7 31. Ke3 Ke7 32. d4 Kd6 33.
dxe5+ Kxe5 0-1

[Event "I Festival A"]
[Site "Lodi ITA"]
[Date "2005.06.10"]
[Round "1"]
[White "Cereda, Loris"]
[Black "Zanetti, Alberto"]
[Result "0-1"]
[WhiteElo "2054"]
[BlackElo "2224"]
[PlyCount "118"]
[EventDate "2005.06.10"]

1. e4 d5 2. exd5 c6 3. dxc6 Nxc6 4. Bc4 e5 5. d3 Nf6 6. Bg5 Be7 7. Nd2 h6 8.
Bxf6 Bxf6 9. Ne2 O-O 10. O-O Na5 11. Ng3 g6 12. Rb1 Nxc4 13. Nxc4 b5 14. Nd2
Be6 15. Nb3 Rc8 16. Ne4 Bg7 17. Qd2 Qb6 18. Nc3 b4 19. Ne2 Rfd8 20. Rfc1 a5 21.
Qe3 Qxe3 22. fxe3 a4 23. Nd2 Bxa2 24. Ra1 b3 25. cxb3 axb3 26. Rxc8 Rxc8 27.
Rc1 Rd8 28. Rc3 Bf8 29. Nxb3 Bb4 30. Rc4 Bxb3 31. Rxb4 Rxd3 32. Nc3 Be6 33. Kf2
Rd2+ 34. Kf3 f5 35. h3 Kf7 36. Rb7+ Kf6 37. Rb6 e4+ 38. Kg3 g5 39. Kh2 h5 40.
Kg1 h4 41. Na4 Ke5 42. Rb5+ Bd5 43. Nc3 f4 44. exf4+ gxf4 45. Rb8 Bc6 46. Rh8
e3 47. Rh5+ Kd4 48. Rxh4 Rxg2+ 49. Kf1 Rf2+ 50. Ke1 Kd3 51. Nd1 Re2+ 52. Kf1
Bg2+ 53. Kg1 f3 54. Nc3 Rxb2 55. Nd5 Rb1+ 56. Kh2 e2 57. Nf4+ Ke3 58. Nd5+ Kf2
59. Nc3 Rh1# 0-1

[Event "I Festival A"]
[Site "Lodi ITA"]
[Date "2005.06.10"]
[Round "1"]
[White "Damia, Angelo"]
[Black "Voloshin, Leonid"]
[Result "0-1"]
[WhiteElo "2110"]
[BlackElo "2474"]
[PlyCount "88"]
[EventDate "2005.06.10"]

1. e4 c5 2. Nf3 e6 3. b4 cxb4 4. d4 b6 5. a3 d5 6. e5 Ba6 7. Bxa6 Nxa6 8. c3 b3
9. Qxb3 Nb8 10. a4 Nc6 11. Ba3 Be7 12. O-O Rc8 13. Bxe7 Ngxe7 14. Nbd2 O-O 15.
Rac1 Na5 16. Qb5 Rc6 17. Nb3 a6 18. Qb4 Nc4 19. Nbd2 Qc7 20. Rc2 Rb8 21. Qb3
Nf5 22. Nxc4 Rxc4 23. g4 Ne7 24. Nd2 Rc6 25. c4 dxc4 26. Rxc4 b5 27. Rxc6 Qxc6
28. axb5 axb5 29. Qa3 Qb7 30. Ra1 b4 31. Qa7 h5 32. Qxb7 Rxb7 33. f3 b3 34. Rb1
b2 35. Nc4 Rb4 36. Ne3 Nc6 37. Kf2 Nxd4 38. Nd1 Rb3 39. Rxb2 Rxf3+ 40. Kg2 hxg4
41. Nf2 Nf5 42. Nxg4 Ra3 43. Rb8+ Kh7 44. Nf2 Ne3+ 0-1

[Event "I Festival A"]
[Site "Lodi ITA"]
[Date "2005.06.10"]
[Round "1"]
[White "Di Paolo, Raffaele"]
[Black "Verducci, Gianni"]
[Result "1-0"]
[WhiteElo "2284"]
[BlackElo "2081"]
[PlyCount "120"]
[EventDate "2005.06.10"]

1. e4 e6 2. d4 d5 3. Nd2 Nf6 4. e5 Nfd7 5. c3 c5 6. Bd3 Qb6 7. Ne2 Nc6 8. Nf3
cxd4 9. cxd4 Bb4+ 10. Bd2 Bxd2+ 11. Qxd2 Qb4 12. a3 Qxd2+ 13. Nxd2 O-O 14. b4
Nb6 15. O-O Bd7 16. Rfc1 a6 17. Nb3 Rfc8 18. Nc5 Rab8 19. Rab1 Na7 20. Nc3 Bb5
21. Bxb5 Nxb5 22. Nxb5 axb5 23. Ra1 Nc4 24. a4 bxa4 25. Nxa4 Ra8 26. h3 Kf8 27.
f4 Nd2 28. Rxc8+ Rxc8 29. Nc5 b6 30. Nd7+ Ke7 31. Ra7 Rc1+ 32. Kf2 Ne4+ 33. Ke2
Rc2+ 34. Kd3 Rc3+ 35. Ke2 Rc2+ 36. Kd1 Rd2+ 37. Ke1 Kd8 38. Nxb6 Rxd4 39. b5
Nc3 40. Ra8+ Ke7 41. Nc8+ Kd7 42. Nd6 Nxb5 43. Nxb5 Rxf4 44. Nd6 f6 45. Ra7+
Kc6 46. Rxg7 fxe5 47. Nf7 Re4+ 48. Kf2 h5 49. g4 d4 50. gxh5 d3 51. Nd8+ Kd6
52. Nb7+ Kc6 53. Nd8+ Kd6 54. Rg1 Rh4 55. Rg3 e4 56. Nf7+ Ke7 57. Ng5 Kf6 58.
h6 Rxh6 59. Nxe4+ Ke5 60. Ke3 Rh4 1-0

[Event "I Festival A"]
[Site "Lodi ITA"]
[Date "2005.06.10"]
[Round "1"]
[White "Farachi, Francesco"]
[Black "Efimov, Igor"]
[Result "0-1"]
[WhiteElo "2107"]
[BlackElo "2458"]
[PlyCount "78"]
[EventDate "2005.06.10"]

1. e4 c5 2. Nf3 Nc6 3. d4 cxd4 4. Nxd4 Nf6 5. Nc3 d6 6. Be2 e5 7. Nxc6 bxc6 8.
O-O Be7 9. Bg5 O-O 10. Qd3 h6 11. Bh4 Rb8 12. b3 Qc7 13. Rfd1 Rd8 14. Qe3 Be6
15. Na4 d5 16. Bxf6 Bxf6 17. Nc5 Bc8 18. Na6 Bxa6 19. Bxa6 Qa5 20. Bd3 Qa3 21.
Qc1 Qb4 22. Qe3 Bg5 23. Qf3 g6 24. exd5 cxd5 25. Bf1 e4 26. Qg3 Rbc8 27. c4 d4
28. Qe5 e3 29. fxe3 dxe3 30. Be2 Rd2 31. Bg4 Qb6 32. Rxd2 exd2+ 33. Kh1 Bf6 34.
Qe2 Rd8 35. Rf1 Kg7 36. Bf3 Qd4 37. Bd5 Rd7 38. Rd1 Re7 39. Qf1 Qe3 0-1